African West Coast Countries - Statistics

General Stats
  • This quiz has been taken 789 times
  • The average score is 20 of 23
Answer Stats
Answer % Correct
Morocco
100%
Mauritania
96%
Senegal
94%
Gambia
93%
Benin
85%
Cote D'ivoire
85%
Ghana
85%
Guinea Bissau
85%
Togo
85%
Cameroon
84%
Guinea
84%
Liberia
84%
Nigeria
84%
Sierra Leone
84%
South Africa
84%
Equatorial Guinea
83%
Namibia
83%
Gabon
82%
Republic of the Congo
80%
Democratic Republic of the Congo
79%
Senegal
79%
Angola
78%
Angola
78%
No matching quizzes found
Score Distribution
Percent of People with Each Score
Percentile by Number Answered
Your Score History
You have not taken this quiz